000 00696nam a2200229 a 4500
001 000038823
003 DO-SdBNP
005 20221205122431.0
007 ta
008 130425s2002 dr 000 0 spa d
040 _aDO-SdBNP
_bspa
_cBNPHU
082 4 _a343.72930946
_bR426l
_222
110 1 _aRepública Dominicana. [Leyes, etc.]
_9447
240 1 0 _a[Leyes, etc.]
245 1 0 _aLey no. 241 de tránsito de vehículos (con sus modificaciones anexa al 1992)
260 _aSanto Domingo :
_bs.n,
_c1992.
300 _a139 p.
_c22 cm.
590 _aInventariado, 2022 / DG
650 4 _aVehículos de motor
_x Legislación
_zRepública Dominicana
_982602
910 _aDG
942 _2ddc
_cLBS1
999 _c52653
_d52653